Introduction to Telecommunications / (Record no. 11193)
[ view plain ]
| 000 -LEADER | |
|---|---|
| fixed length control field | 01133cam a22003014a 4500 |
| 001 - CONTROL NUMBER | |
| control field | 14318709 |
| 005 - DATE AND TIME OF LATEST TRANSACTION | |
| control field | 20070122191912.0 |
| 008 - FIXED-LENGTH DATA ELEMENTS--GENERAL INFORMATION | |
| fixed length control field | 060328s2007 njua b 001 0 eng |
| 010 ## - LIBRARY OF CONGRESS CONTROL NUMBER | |
| LC control number | 2006046002 |
| 020 ## - INTERNATIONAL STANDARD BOOK NUMBER | |
| International Standard Book Number | 0131126156 |
| 020 ## - INTERNATIONAL STANDARD BOOK NUMBER | |
| International Standard Book Number | 9780131126152 |
| 035 ## - SYSTEM CONTROL NUMBER | |
| System control number | (OCoLC)ocm65538826 |
| 035 ## - SYSTEM CONTROL NUMBER | |
| System control number | (OCoLC)65538826 |
| 040 ## - CATALOGING SOURCE | |
| Original cataloging agency | DLC |
| Transcribing agency | DLC |
| Modifying agency | BAKER |
| -- | C#P |
| -- | YDXCP |
| -- | OCLCQ |
| -- | BTCTA |
| -- | DLC |
| 042 ## - AUTHENTICATION CODE | |
| Authentication code | pcc |
| 050 00 - LIBRARY OF CONGRESS CALL NUMBER | |
| Classification number | TK5101 |
| Item number | .R595 2007 |
| 082 00 - DEWEY DECIMAL CLASSIFICATION NUMBER | |
| Classification number | 384 |
| Edition number | 22 |
| Item number | ROS |
| 100 1# - MAIN ENTRY--PERSONAL NAME | |
| Personal name | Rosengrant, M. A. |
| Fuller form of name | (Martha A.) |
| 9 (RLIN) | 3186 |
| 245 10 - TITLE STATEMENT | |
| Title | Introduction to Telecommunications / |
| Statement of responsibility, etc | M.A. Rosengrant. |
| 250 ## - EDITION STATEMENT | |
| Edition statement | 2nd ed. |
| 260 ## - PUBLICATION, DISTRIBUTION, ETC. (IMPRINT) | |
| Place of publication, distribution, etc | Upper Saddle River, N.J. : |
| Name of publisher, distributor, etc | Pearson Prentice Hall, |
| Date of publication, distribution, etc | c2007. |
| 300 ## - PHYSICAL DESCRIPTION | |
| Extent | xxi, 826 p. : |
| Other physical details | ill. ; |
| Dimensions | 29 cm. |
| 504 ## - BIBLIOGRAPHY, ETC. NOTE | |
| Bibliography, etc | Includes bibliographical references (p. 808) and index. |
| 650 #0 - SUBJECT ADDED ENTRY--TOPICAL TERM | |
| Topical term or geographic name as entry element | Telecommunication |
| Form subdivision | Textbooks. |
| 9 (RLIN) | 3187 |
| 942 ## - ADDED ENTRY ELEMENTS (KOHA) | |
| Source of classification or shelving scheme | Dewey Decimal Classification |
| Item type | Book - Borrowing |
| Withdrawn status | Item status | Source of classification or shelving scheme | Damaged status | Not for loan | Vendor | Home library | Current library | Shelving location | Date acquired | Source of acquisition | Cost, normal purchase price | Serial Enumeration / chronology | Total Checkouts | Full call number | Barcode | Date last seen | Koha item type |
|---|---|---|---|---|---|---|---|---|---|---|---|---|---|---|---|---|---|
| Dewey Decimal Classification | Baccah | Central Library | Central Library | First floor | 06/04/2009 | 224.00 | 7117 | 384 ROS | 000015765 | 04/05/2026 | Book - Borrowing |